000 00668na a2200229 4500
001 20651
003 MIRAKIL
005 20181213155102.0
008 170125b tu 000 0
040 _aMilas
_btur
_cTR-AnCHP
041 _atur
082 _a342.03
_bN32 [t.y.]
090 _a342.03 N32 [t.y.]
245 _aNeden yeni bir anayasa?
_bnasıl bir yeni anayasa?
_c10 Aralık Hareketi
246 _aNasıl bir yeni anayasa?
260 _aİstanbul
_b[yayl.y.]
_c[t.y.]
300 _a53 s.
_c21 sm.
650 _aYeni Anayasa
_xÖneriler
650 _aAnayasa hukuku
_xAnayasa değişikliği
_zTürkiye
710 _a10 Aralık Hareketi
942 _2ddc
_cBKS
999 _c6278
_d6278